|
|
|
|
| LEADER |
00000nas a2200000 a 4500 |
| 001 |
ssj0044857 |
| 003 |
WaSeSS |
| 005 |
20200512172242.0 |
| 006 |
m d |
| 007 |
cr n |
| 008 |
060316c20069999enkqx pss 0 0eng c |
| 010 |
|
|
|a 2006264543
|
| 015 |
|
|
|a GBA648718
|2 bnb
|
| 016 |
7 |
|
|a 2233966-8
|2 DE-600
|
| 016 |
7 |
|
|a 013472324
|2 Uk
|
| 022 |
|
|
|a 1745-8099
|l 1745-8080
|y 1745-8080
|
| 035 |
|
|
|a (WaSeSS)ssj0044857
|
| 040 |
|
|
|a SBH
|b eng
|c SBH
|d OCL
|d OCLCQ
|d HEBIS
|d UKMGB
|d OCLCQ
|d OCLCF
|d CHVBK
|d OCLCQ
|d OCLCO
|d OCLCQ
|d UAB
|d OCLCO
|d NLE
|d OCLCO
|d OCLCA
|d U3W
|d OCLCO
|d AU@
|d OCLCO
|d WYU
|d OCLCO
|d AUD
|d OCLCA
|d VT2
|d OCLCO
|d DLC
|d WaSeSS
|
| 042 |
|
|
|a pcc
|
| 050 |
0 |
0 |
|a T174.7
|
| 060 |
0 |
0 |
|a W1
|b JO644Qm
|
| 082 |
0 |
4 |
|a 620.5
|
| 130 |
0 |
|
|a Journal of experimental nanoscience (Online)
|
| 245 |
1 |
0 |
|a Journal of experimental nanoscience
|h [electronic resource].
|
| 260 |
|
|
|a [London] :
|b Taylor & Francis,
|c ©2006-
|
| 310 |
|
|
|a Four issues per year
|
| 362 |
0 |
|
|a Vol. 1, no. 1 (Mar. 2006)-
|
| 500 |
|
|
|a Title from cover PDF (MetaPress, viewed Mar. 3, 2006).
|
| 506 |
|
|
|a License restrictions may limit access.
|
| 538 |
|
|
|a Mode of access: World Wide Web.
|
| 588 |
|
|
|a Latest issue consulted: Vol. 5, issue 1 (2020); (Taylor & Francis Online, viewed March 23, 2020).
|
| 650 |
|
0 |
|a Nanoscience
|v Periodicals.
|
| 650 |
|
0 |
|a Nanotechnology
|v Periodicals.
|
| 650 |
|
7 |
|a Nanoscience.
|2 fast
|0 (OCoLC)fst01032629
|
| 650 |
|
7 |
|a Nanotechnology.
|2 fast
|0 (OCoLC)fst01032639
|
| 650 |
|
2 |
|a Nanomedicine.
|
| 650 |
|
2 |
|a Nanotechnology.
|
| 655 |
|
0 |
|a Electronic journals.
|
| 776 |
0 |
8 |
|i Print version:
|t Journal of experimental nanoscience
|x 1745-8080
|w (DLC) 2007243092
|w (OCoLC)83308770
|
| 850 |
|
|
|a DLC
|
| 856 |
4 |
0 |
|z Full text available from Research Library: 12/01/2017 to 12/31/2017
|u https://search.proquest.com/publication/3933142
|